000 00449nam a2200169Ia 4500
008 230711s9999||||xx |||||||||||||| ||und||
020 _a978-81-8247-515-1
041 _aENG
082 _a624.1762
_bHA-E
100 _aHarbhajan Singh
245 0 _aEarthquake resistant building construction for architects
250 _a1st . Ed.
260 _c2014
_aChandigarh
_bAbhishek Publications
300 _a115p.
650 _aArchitecture
942 _cBK
999 _c5861
_d5861